<?xml version="1.0" encoding="UTF-8"?>
<record
    xmlns:xsi="http://www.w3.org/2001/XMLSchema-instance"
    xsi:schemaLocation="http://www.loc.gov/MARC21/slim http://www.loc.gov/standards/marcxml/schema/MARC21slim.xsd"
    xmlns="http://www.loc.gov/MARC21/slim">

  <leader>02372cam a2200325   4500500</leader>
  <controlfield tag="005">20260329010852.0</controlfield>
  <datafield tag="041" ind1=" " ind2=" ">
    <subfield code="a">fre</subfield>
  </datafield>
  <datafield tag="042" ind1=" " ind2=" ">
    <subfield code="a">dc</subfield>
  </datafield>
  <datafield tag="100" ind1="1" ind2="0">
    <subfield code="a">Marsan, Mathieu</subfield>
    <subfield code="e">author</subfield>
  </datafield>
  <datafield tag="700" ind1="1" ind2="0">
    <subfield code="a">Brun, C&#xE9;dric</subfield>
    <subfield code="e">author</subfield>
  </datafield>
  <datafield tag="245" ind1="0" ind2="0">
    <subfield code="a">Un an de label Science avec et pour la soci&#xE9;t&#xE9; &#xE0; l&#x2019;Universit&#xE9; Bordeaux Montaigne</subfield>
  </datafield>
  <datafield tag="260" ind1=" " ind2=" ">
    <subfield code="c">2026.
							</subfield>
  </datafield>
  <datafield tag="500" ind1=" " ind2=" ">
    <subfield code="a">38</subfield>
  </datafield>
  <datafield tag="520" ind1=" " ind2=" ">
    <subfield code="a">Un an apr&#xE8;s sa labellisation Science avec et pour la soci&#xE9;t&#xE9; (SAPS), par le minist&#xE8;re de l&#x2019;Enseignement sup&#xE9;rieur et de la Recherche, l&#x2019;Universit&#xE9; Bordeaux Montaigne propose un point d&#x2019;&#xE9;tape sous la forme d&#x2019;un retour d&#x2019;exp&#xE9;rience. Coordonn&#xE9; avec la politique de la recherche de l&#x2019;&#xE9;tablissement, le label SAPS a permis une structuration nouvelle afin de construire une culture commune de la m&#xE9;diation. De l&#x2019;accompagnement d&#x2019;initiatives existantes &#xE0; la cr&#xE9;ation d&#x2019;outils, ressources et nouveaux dispositifs &#xE0; destination de la communaut&#xE9; scientifique, la labellisation SAPS s&#x2019;affirme, sur cette premi&#xE8;re ann&#xE9;e, comme un vecteur de transformation culturelle de l&#x2019;universit&#xE9;.</subfield>
  </datafield>
  <datafield tag="520" ind1=" " ind2=" ">
    <subfield code="a">&#x202A;One year after receiving the Science with and for Society (SAPS) label from the Ministry of Higher Education and Research, University Bordeaux Montaigne is offering an update in the form of a feedback report. Coordinated with the institution&#x2019;s research policy, the SAPS label has enabled a new structure to be put in place in order to build a common culture of mediation. From supporting existing initiatives to creating tools, resources and new mechanisms for the scientific community, the SAPS label has established itself, in its first year, as a vehicle for cultural transformation at the university.&#x202A;</subfield>
  </datafield>
  <datafield tag="690" ind1=" " ind2=" ">
    <subfield code="a">culture scientifique</subfield>
  </datafield>
  <datafield tag="690" ind1=" " ind2=" ">
    <subfield code="a">label</subfield>
  </datafield>
  <datafield tag="690" ind1=" " ind2=" ">
    <subfield code="a">m&#xE9;diation scientifique</subfield>
  </datafield>
  <datafield tag="690" ind1=" " ind2=" ">
    <subfield code="a">science avec et pour la soci&#xE9;t&#xE9;</subfield>
  </datafield>
  <datafield tag="690" ind1=" " ind2=" ">
    <subfield code="a">sciences humaines et sociales</subfield>
  </datafield>
  <datafield tag="690" ind1=" " ind2=" ">
    <subfield code="a">vulgarisation</subfield>
  </datafield>
  <datafield tag="690" ind1=" " ind2=" ">
    <subfield code="a">humanities and social sciences</subfield>
  </datafield>
  <datafield tag="690" ind1=" " ind2=" ">
    <subfield code="a">label</subfield>
  </datafield>
  <datafield tag="690" ind1=" " ind2=" ">
    <subfield code="a">popularization</subfield>
  </datafield>
  <datafield tag="690" ind1=" " ind2=" ">
    <subfield code="a">science with and for society</subfield>
  </datafield>
  <datafield tag="690" ind1=" " ind2=" ">
    <subfield code="a">scientific culture</subfield>
  </datafield>
  <datafield tag="690" ind1=" " ind2=" ">
    <subfield code="a">scientific mediation</subfield>
  </datafield>
  <datafield tag="786" ind1="0" ind2=" ">
    <subfield code="n">Communication &amp;amp; Organisation | -  | 2 | 2026-03-18 | p. 239-251 | 1168-5549</subfield>
  </datafield>
  <datafield tag="856" ind1="4" ind2="1">
    <subfield code="u">https://shs.cairn.info/revue-communication-et-organisation-2025-2-page-239?lang=fr&amp;redirect-ssocas=7080</subfield>
  </datafield>
  <datafield tag="999" ind1=" " ind2=" ">
    <subfield code="c">1856622</subfield>
    <subfield code="d">1856622</subfield>
  </datafield>
</record>
